|
|
|
|
| LEADER |
02338nam a22003733i 4500 |
| 001 |
EBC6422591 |
| 003 |
MiAaPQ |
| 005 |
20231204023215.0 |
| 006 |
m o d | |
| 007 |
cr cnu|||||||| |
| 008 |
231204s2018 xx o ||||0 eng d |
| 020 |
|
|
|a 9783319739908
|q (electronic bk.)
|
| 020 |
|
|
|z 9783319739892
|
| 035 |
|
|
|a (MiAaPQ)EBC6422591
|
| 035 |
|
|
|a (Au-PeEL)EBL6422591
|
| 035 |
|
|
|a (OCoLC)1231610825
|
| 040 |
|
|
|a MiAaPQ
|b eng
|e rda
|e pn
|c MiAaPQ
|d MiAaPQ
|
| 050 |
|
4 |
|a Z664.2-718.85
|
| 100 |
1 |
|
|a Botyriute, Kristina.
|
| 245 |
1 |
0 |
|a Access to Online Resources :
|b A Guide for the Modern Librarian.
|
| 250 |
|
|
|a 1st ed.
|
| 264 |
|
1 |
|a Cham :
|b Springer International Publishing AG,
|c 2018.
|
| 264 |
|
4 |
|c Ã2018.
|
| 300 |
|
|
|a 1 online resource (45 pages)
|
| 336 |
|
|
|a text
|b txt
|2 rdacontent
|
| 337 |
|
|
|a computer
|b c
|2 rdamedia
|
| 338 |
|
|
|a online resource
|b cr
|2 rdacarrier
|
| 505 |
0 |
|
|a Intro -- Table of Contents -- Introduction -- Access management i s a very complicated beast -- Authentication and Authorisation -- Jane and Ben -- Before We Start... -- A Shopping Protocol. ASP -- Web based authentication methods -- What is HTTP? -- HTTP Basic Authentication -- HTTP Digest Authentication -- HTTP(S) Forms Authentication -- Cookies! -- More about cookies ... -- King and bishop: certificates -- Key concepts -- IP Recognition -- On and off site -- Remote access via proxy: local build vs cloud based -- Security considerations -- Key concepts -- SAML -- How it works -- You... -- ...and Them -- Federation -- Key concepts -- OpenID Connect -- Open Authorisation 2.0 -- OpenID Connect -- Key concepts -- Basic Troubleshooting -- 60 second diagnostics -- Setting up access -- The fastest way to get help -- The End -- Bibliography.
|
| 588 |
|
|
|a Description based on publisher supplied metadata and other sources.
|
| 590 |
|
|
|a Electronic reproduction. Ann Arbor, Michigan : ProQuest Ebook Central, 2023. Available via World Wide Web. Access may be limited to ProQuest Ebook Central affiliated libraries.
|
| 655 |
|
4 |
|a Electronic books.
|
| 776 |
0 |
8 |
|i Print version:
|a Botyriute, Kristina
|t Access to Online Resources
|d Cham : Springer International Publishing AG,c2018
|z 9783319739892
|
| 797 |
2 |
|
|a ProQuest (Firm)
|
| 856 |
4 |
0 |
|u https://ebookcentral.proquest.com/lib/matrademy/detail.action?docID=6422591
|z Click to View
|